LEADER 01410nas a2200337 u 4500 001 000000008198 003 CaOOAMICUS 005 20160531135736.0 008 940516c19409999sp qr p u0 u spa u 022 $a0210-7112 032 $aLibriCat 035 $a10211346 040 $aPUL$bita 130 0 $aRevista Española de Teología$g[Spogli].$0(OLS)http://pul/title/11973 245 10$aRevista Española de Teología. 260 $aMadrid :$bEl Instituto,$c1940- 300 $av. :$btav. ;$c23 cm 310 $aTrimestral 362 0 $aVol. 1, fasc. 1- 510 2 $aMLA international bibliography of books and articles on the modern languages and literatures (Complete edition)$x0024-8215 515 $aVols. for. called also 555 $aNel 2016 viene pubblicato un volume di "Indices ...1940-2015" 650 0$aTheology$xPeriodicals.$2//eng$0(OLS)http://pul/subject/1693 710 2 $aInstituto Francisco Suarez.$0(OLS)http://pul/name/6084 850 $aPUL 852 $aPUL$W1$xSL Riviste Correnti$y14$m3-210/SL230.05Riv.32/DP1366.E$j11589$nSE-PRI$bV.1 (1940)-$qPeriodici$B11589$CPULBib$Z2$F11589 $82 941 1 $a5 996 $6022$a0210-7112$9(OLS)http://pul/number/10570 996 $6245$aRevista Española de Teología$9(OLS)http://pul/title/11974 996 $6260$aMadrid :$bEl Instituto$9(OLS)http://pul/publisher/52000 LEADER 01236nam a2200301 a 4500 001 000000124102 003 CaOOAMICUS 005 20110127121944.0 008 110127s2010 it u000 u ita r 020 $a978-88-420-9394-7 040 $aPUL$bita 082 04$a342.02 100 1 $aAzzariti, Gaetano.$0(OLS)http://pul/name/28733 245 10$aDiritto e conflitti :$blezioni di diritto costituzionale /$cGaetano Azzariti. 260 $aRoma ;$aBari :$bLaterza,$c2010. 300 $axi, 418 p. ;$c21 cm. 490 1 $aManuali Laterza ;$v312 504 $aBibliografia in nota. 650 4$aDiritto costituzionale.$0(OLS)http://pul/subject/1174 830 0$aManuali Laterza ;$v312.$0(OLS)http://pul/title/2009 850 $aPUL 852 $aPUL$W1$xSL Diritto e Scienze Sociali 3$y79$m342. 02 AZZGA 1$j142924$qDDC 21$B141914$CPULBib$Z2$F141914 $H115794 $82 941 1 $a9 996 $6020$a978-88-420-9394-7$9(OLS)http://pul/number/146208 996 $6082$a342.02$9(OLS)http://pul/classification/1810 996 $6245$aDiritto e conflitti :$blezioni di diritto costituzionale$9(OLS)http://pul/title/156442 996 $6260$aRoma ;$aBari :$bLaterza$9(OLS)http://pul/publisher/57682